000 00914cab a2200301 4500
001 ABS54044
008 090401t1995 xxu||||| |||| 00| 0 eng d
035 _a(Sirsi) u8078
041 _aeng
100 _aStephens, M.
245 _aMonetary policy and house price volatility in Western Europe
260 _c1995
350 _a0
490 _aHousing Studies
_v10(4) October 1995, 551-564(14)
520 _aThis article considers the relationship between house prices and monetary policy in Europe, focusing on Spain, Finland and the UK.
650 _aEUROPE
650 _aFINLAND
650 _aHOUSE PRICES
650 _aMONETARY POLICY
650 _aMONETARY UNION
650 _aSPAIN
650 _aUNITED KINGDOM
690 _aEUROPE-SINGLE MARKET
690 _aPROPERTY-RESIDENTIAL PROPERTY-RESIDENTIAL PROPERTY MARKET
690 _aOVERSEAS-EUROPE
942 _n0
948 _c04/03/1997
999 _c4925
_d4925